Využitie informačných technológií pri modelovaní procesov v podnikoch bakalárska práca

Gespeichert in:
Bibliographische Detailangaben
1. Verfasser: Kurinec, Samuel
Körperschaft: Fakulta podnikového manažmentu EU. Katedra informačného manažmentu
Weitere Verfasser: Filanová, Jana, 1967-
Format: Buch
Sprache:Slowakisch
Veröffentlicht: Bratislava 2022
Tags: Tag hinzufügen
Keine Tags, Fügen Sie das erste Tag hinzu!

MARC

LEADER 00000nbm a2200000 4500
001 0285449
005 20230331103724.8
041 0 |a slo 
044 |a SK 
245 1 0 |a Využitie informačných technológií pri modelovaní procesov v podnikoch  |b bakalárska práca  |c Samuel Kurinec ; školiteľ: Jana Filanová 
264 1 |a Bratislava  |c 2022 
300 |a 45 s. 
100 1 |a Kurinec, Samuel 
700 1 |a Filanová, Jana, 1967- 
710 2 |a Fakulta podnikového manažmentu EU. Katedra informačného manažmentu